| 000 | 00780nac a22002291u 4500 | ||
|---|---|---|---|
| 020 | _a8175810734 : | ||
| 082 |
_a839.8226 _bIBS |
||
| 090 |
_c9390 _d9390 |
||
| 100 | _aIbsen, Henrik | ||
| 245 | 1 | 2 |
_aA doll's house : [A critical study] / _cHenrik Ibsen ; Ramji Lall. |
| 250 | _a19 th ed. | ||
| 260 |
_aNew Delhi : _bRama brothers,2006. _cc2006. |
||
| 300 |
_ax, 252 p. : _c21 cm. |
||
| 500 | _aDistributer: Al-Ahram | ||
| 504 | _aIncludes bibliographical references. | ||
| 511 | _aCatalogued by: Sara | ||
| 650 | _aIbsen, Henrik | ||
| 650 | _aEnglish Fiction | ||
| 700 | 1 | _aLall, Ramji | |
| 942 |
_cBB _k839.8226 IBS |
||
| 999 |
_c9390 _d9390 |
||